Schauspieler #2 - Statistiken

Allgemein
  • Dieses Quiz wurde 165 mal gespielt
  • Das Durchschnittsergebnis liegt bei 9 aus 16
Antwortstatistiken
Bildquiz Antwort % Korrekt
Will Smith
94%
Adam Sandler
81%
Morgan Freeman
79%
Keanu Reeves
78%
George Clooney
76%
Sylvester Stallone
75%
Bruce Willis
71%
Ben Stiller
65%
Jason Statham
64%
John Travolta
59%
Denzel Washington
49%
Sean Penn
40%
Ben Kingsley
35%
Macaulay Culkin
33%
Christopher Walken
11%
Tim Roth
11%
Keine übereinstimmenden Quizze gefunden
Verteilung der Resultate
Anzahl Personen mit jedem Resultat
Perzentil nach korrekt beantworteten Fragen
Ihre Resultats-Entwicklung
Sie haben dieses Quiz noch nicht gespielt